Представление документа в формате MARC21

ПолеНазваниеЗначение
  Тип записи a
  Библиографический уровень m
001 Контрольный номер RU/URAIT/495751
003 Принадлежность контрольного номера https://urait.ru/bcode/495751
005 Дата корректировки 20230117110119.4
008 Кодируемые данные
020 Индекс ISBN __
a ISBN 978-5-534-15066-7
c Цена, тираж 1979.00
040 Источник каталогиз. __
a Служба первич. каталог. ИКО Юрайт
b Код языка каталог. rus
c Служба, преобразующая запись ИКО Юрайт
041 Код языка издания 0_
a Код языка текста rus
044 Код страны публикации __
a Код страны публикации RU
073 _1
a 9785534150667
d 1979.00
080 Индекс УДК __
a Индекс УДК 657(075.32)
084 Индекс другой классификации/Индекс ББК __
a Индекс другой классификации/Индекс ББК 65.05я723
2 Источник индекса rubbk
091 Индексы/ коды __
a Индекс ББК (DOS) 65.05я723
z rubbk
100 Автор 1_
a Автор Бухарева Л. В.
q Полное имя Лидия Владимировна
230 __
a Электрон. дан.
245 Заглавие 00
a Заглавие Бухгалтерский финансовый учет
b Продолж. заглавия учебник
c Ответственность Л. В. Бухарева [и др.] ; под редакцией И. М. Дмитриевой, В. Б. Малицкой, Ю. К. Харакоз.
250 Сведения об издании __
a Основные сведения об издании 5-е изд.
b Дополнительные сведения об издании пер. и доп
260 Выходные данные 1_
a Место издания Москва
b Издательство Юрайт
c Дата издания 2022
300 Физическое описание __
a Объем 528 с
440 Серия _0
a Серия Профессиональное образование
500 Примечания __
a Примечание URL: https://urait.ru/bcode/495751 (дата обращения: 29.08.2022).
520 Аннотация __
a Аннотация В курсе рассматриваются актуальные вопросы бухгалтерского финансового учета. В первом модуле — «Организация бухгалтерского финансового учета» — раскрыты следующие вопросы: предмет и объекты бухгалтерского финансового учета, цели и концепции финансового учета, система нормативного регулирования учета в Российской Федерации и программа реформирования учета и отчетности в условиях перехода на МСФО. Второй модуль — «Методика учета имущества организации и его источников» — посвящен учету денежных средств, долгосрочных инвестиций, основных средств, нематериальных активов, материально-производственных запасов, финансовых вложений, оплаты труда, готовой продукции и ее реализации, капитала, фондов и резервов, финансовых результатов, кредитов и займов, расчетных операций, забалансовых счетов, а также внешнеэкономической деятельности. Курс содержит примеры часто встречающихся в деятельности коммерческих организаций хозяйственных операций, а также профессиональные компетенции по каждой теме, а также контрольные вопросы. Курс включает дополнительный практический материал, размещенный на сайте urait.ru. Соответствует актуальным требованиям федерального государственного образовательного стандарта среднего профессионального образования и профессиональным требованиям. Для студентов, обучающихся по направлению «Экономика» и по специальности «Бухгалтерский учет, анализ и аудит», а также для специалистов-практиков.
538 Прим. о системных особенностях __
a Прим. о системных особенностях Режим доступа: Электронно-библиотечная система Юрайт, для авториз. пользователей
653 Ключевые слова 2_
a Ключевые слова Бухгалтерский и управленческий учет. Налоги. Аудит
653 Ключевые слова 2_
a Ключевые слова Экономика и управление
653 Ключевые слова 2_
a Ключевые слова Бухгалтерский учет
653 Ключевые слова 2_
a Ключевые слова Финансовый учет
653 Ключевые слова 2_
a Ключевые слова Финансовый учет и отчетность
653 Ключевые слова 2_
a Ключевые слова Бухгалтерский учет и отчетность
653 Ключевые слова 2_
a Ключевые слова Бухгалтерский финансовый учет
653 Ключевые слова 2_
a Ключевые слова Основы бухгалтерского учета
653 Ключевые слова 2_
a Ключевые слова Осуществление кредитных операций
653 Ключевые слова 2_
a Ключевые слова Документирование хозяйственных операций и ведение бухгалтерского учета активов организации
653 Ключевые слова 2_
a Ключевые слова Ведение бухгалтерского учета источников формирования активов, выполнение работ по инвентаризации активов и финансовых обязательств организации
653 Ключевые слова 2_
a Ключевые слова Финансовый и бухгалтерский учет
653 Ключевые слова 2_
a Ключевые слова Бухгалтерский и финансовый учет
653 Ключевые слова 2_
a Ключевые слова Финансовый бухгалтерский учет
700 Другие авторы 1_
a Другие авторы Дятлова О. В.
q Полное имя Ольга Викторовна
700 Другие авторы 1_
a Другие авторы Тарасова О. Н.
q Полное имя Ольга Николаевна
700 Другие авторы 1_
a Другие авторы Малицкая В. Б.
q Полное имя Виктория Борисовна
700 Другие авторы 1_
a Другие авторы Машинистова Г. Е.
q Полное имя Галина Евгеньевна
700 Другие авторы 1_
a Другие авторы Савицкий Д. В.
q Полное имя Дмитрий Викторович
700 Другие авторы 1_
a Другие авторы Турищева Т. Б.
q Полное имя Татьяна Борисовна
700 Другие авторы 1_
a Другие авторы Харакоз Ю. К.
q Полное имя Юлия Константиновна
700 Другие авторы 1_
a Другие авторы Чиркова М. Б.
q Полное имя Мария Борисовна
856 Электронный адрес документа 40
n Местонахождение сервера Юрайт
g Электронная книга
q Тип электронного формата html
h Имя пользователя ЮРАЙТ
v Часы доступа к ресурсу 20231231
2 Способ доступа Показать документ
x Служебное примечание https://urait.ru/book/cover/88C30B09-7131-4948-AE05-FD1AE1067D15
u URL https://urait.ru/read/495751
856 Электронный адрес документа 41
q Тип электронного формата cover
u URL https://urait.ru/book/cover/88C30B09-7131-4948-AE05-FD1AE1067D15
952 Тип литературы __
c Вид литературы учебник